000 01081nam2a2200241 4500
001 RU\NLR\bibl\1399425
005 20250615203618.0
010 _a978-5-7853-1157-2
_b1
_952720
021 _aRU
_b2009-44241
_92689
035 _a(NLR Aleph) 001391437
090 _a1164735
_c1164735
100 _a20090810d2009 |||y0rusy50 ca
101 0 _arus
102 _aRU
105 _aa |||||||||
200 0 _aЧ. 1
215 _a127 с.
_cцв. ил.
461 0 _1001RU\NLR\bibl\1680364
_12001#$aРусская азбука$vЧ. 1
_91044806
_aГорецкий, В. Г. (1924-2009)
_cМосква
_d2009
_e12-е изд.
_f[Горецкий Всеслав Гаврилович, Кирюшкин Виктор Андреевич, Виноградская Людмила Андреевна]
_nПросвещение
_o1 класс : учебник для общеобразовательных учреждений : в 2 ч.
_tРусская азбука
_y978-5-7853-1156-5
_vЧ. 1
801 0 _aRU
_bNLR
_c20090810
_gRCR
801 1 _aRU
_bNLR
_c20090810
942 _cBOOK
980 _aNB